| 000 | 00672nam a2200241Ia 4500 | ||
|---|---|---|---|
| 001 | 819 | ||
| 003 | GE_BSU | ||
| 008 | 181216s||||||||xx |||||||||||||| ||und|| | ||
| 020 | _a506005363 | ||
| 040 | _cGE_BSU | ||
| 080 | _a7(075.32) | ||
| 100 | _aЯрыгина,В.Н. и др | ||
| 245 | _aБиология. | ||
| 245 | _cПод. ред. В.Н.Ярыгина. Учебное пособие для студ. медицинских училищ. | ||
| 260 | _aМосква | ||
| 260 | _b,,Высшшая школа | ||
| 260 | _c2006 | ||
| 300 | _a454 с. | ||
| 541 | _h18 л. | ||
| 653 | _aБиология | ||
| 653 | _aბიოლოგია | ||
| 942 | _cBK | ||
| 999 |
_c34983 _d34983 |
||